000 01234nam0a22003251 4500
001 rc\2180693
005 20260407095856.0
035 _a(NLR Aleph) 006525152
090 _a6473039
_c6473039
100 _a20110826d1979 |||y0rusy50 ca
101 0 _arus
102 _aRU
105 _aa z |||||
200 1 _aИсследование процессов шлифования, полирования и доводки
_eТр. ВНИИАШ
_fВНИИ абразивов и шлифования
210 _aЛенинград
_cВНИИАШ
_d1979
215 _a81 с.
_cил.
_d22
320 _aБиблиогр. в конце работ
512 0 _aТруды ВНИИАШ
606 _aПолирование металлов
_jСборники
_2psbo
606 _aДоводка
_jСборники
_2psbo
606 _aШлифование металлов
_jСборники
_2psbo
686 _aК637я43
_2rubbk
712 0 2 _aВНИИ абразивов и шлифования
_cЛенинград
_3RU\NLR\AUTH\889925506
_9346806
801 0 _aRU
_bNLR
_gpsbo
801 1 _aRU
_bELAR
_2rusmarc
852 _aNLR
_j80-6/4086
899 _aRuMoRGB
_jБ 80-13/387
899 _aRuMoRGB
_jБ 80-13/388
942 _cBOOK
980 _aNB